Debate on Reserve Constraints and Its Implications for Economic Theory
Základné predpoklady a dôsledky teórie endogénnej a exogénnej peňažnej zásoby. Teória endogénnych peňazí je niekedy považovaná za kontroverznú, pretože odporuje niektorým základným zložkám neoklasickej ortodoxnej ekonomiky. Ciele výskumu.
Guardado en:
| Autor principal: | |
|---|---|
| Formato: | Capítulo de libro |
| Lenguaje: | inglés |
| Materias: | |
| Etiquetas: |
Sin Etiquetas, Sea el primero en etiquetar este registro!
|
MARC
| LEADER | 00000nla a2200000 4500 | ||
|---|---|---|---|
| 001 | 0214313 | ||
| 005 | 20240502083537.9 | ||
| 041 | 0 | |a eng | |
| 044 | |a UA | ||
| 245 | 1 | 0 | |a Debate on Reserve Constraints and Its Implications for Economic Theory |c Marcel Čas |
| 520 | |a Základné predpoklady a dôsledky teórie endogénnej a exogénnej peňažnej zásoby. Teória endogénnych peňazí je niekedy považovaná za kontroverznú, pretože odporuje niektorým základným zložkám neoklasickej ortodoxnej ekonomiky. Ciele výskumu. | ||
| 610 | 2 | 0 | |a teória peňažná |
| 610 | 2 | 0 | |a teórie ekonomické |
| 610 | 2 | 0 | |a keynesizmus |
| 610 | 2 | 0 | |a monetarizmus |
| 610 | 2 | 0 | |a systém menový |
| 610 | 2 | 0 | |a myslenie ekonomické |
| 610 | 2 | 0 | |a výskum aplikovaný |
| 100 | 1 | |a Čas, Marcel | |